00743cam a22002057a 4500003000500000005001700005008004100022010001000063011001000073035001000083040000900093100003300102245016800135260004100303300002000344502008900364650002500453650003500478650002400513CHAP20220329141832.0971127d1997 mx r 00110 spa d a74574 a75546 a85110 cCHAP00aPalacios Vidal, José Luis.10aEvaluación financiera de un sistema de producción de setas de cazahuate (Pleurotus ostreatus), en Zacualpan de Amilpas Morelosc/por José Luis Palacios Vidal aChapingo, Méx. :bEl autor,c1997. a39 h. :btablas aTesis (Ing. en Economía Agrícola) -- UACH. Departamento de Economía Agrícola14aPleurotus ostreatus.14aSetasxCostos de producción.14aSetasxRendimiento.